000 00348 a2200157 4500
001 150881
040 _cEscola São Tomás de Aquino
100 _aMURRAY, Roseana
240 1 0 _aCriança é coisa séria
_lpor
245 1 0 _aCriança é coisa séria
300 _a31
362 0 _a1991
440 1 _aAMAIS
697 _aPsicologia
942 _cBK
999 _c150881
_d150881